| 000 | 00515cam a22002171 4500 | ||
|---|---|---|---|
| 001 | sa 65000593 | ||
| 003 | DLC | ||
| 005 | 20260227112104.0 | ||
| 008 | 890802s1962 ii 000 0 tamo | ||
| 010 | _asa 65000593 | ||
| 035 | _a(OCoLC)20115473 | ||
| 040 |
_aDLC _cWaU _dDLC |
||
| 042 | _apremarc | ||
| 050 | 0 | 0 |
_aBL1132.A1 _bR3 |
| 100 | 2 | _aRadhakrishna Pillai, M. | |
| 245 | 1 | 0 | _aPōrkkāviyam. |
| 260 | _c[1962] | ||
| 300 |
_a292 p. _c19 cm. |
||
| 500 | _aIn Tamil | ||
| 630 | 0 | 0 |
_aMahābhārata _vBiography. |
| 999 |
_c61631 _d61631 |
||